[Event "GER-ch Rapid 49th"]
[Site "Dinkelsbuehl"]
[Date "2023.11.12"]
[Round "7"]
[White "Schuh, Felix"]
[Black "Maisch, Julian"]
[Result "0-1"]
[WhiteElo "1543"]
[BlackElo "2153"]
[PlyCount "120"]
[EventDate "2023.11.11"]
[EventType "swiss (rapid)"]
[EventRounds "9"]
[EventCountry "GER"]
[SourceTitle "CB46_2023"]
[SourceDate "2023.11.15"]
[SourceVersion "1"]
[SourceVersionDate "2023.11.15"]
[SourceQuality "1"]

1. b3 e5 2. Bb2 d6 3. c4 c5 4. g3 Nc6 5. Bg2 f5 6. Nc3 Nf6 7. e3 Be7 8. Nge2 0-0 9. Nd5 Nxd5 10. Bxd5+ Kh8 11. 0-0 Nb4 12. Nc3 Nd3 13. Ba3 e4 14. Qc2 Ne5 15. Nd1 Qe8 16. f4 Nf3+ 17. Kg2 Qh5 18. Rh1 Qxh2+ 19. Rxh2 Ne1+ 20. Kf1 Nxc2 21. Bb2 Nxa1 22. Bxa1 Bf6 23. Nc3 Rb8 24. Bb2 a6 25. Ba3 b5 26. cxb5 axb5 27. Ne2 b4 28. Bc1 Bb7 29. Be6 Bc8 30. Bd5 Rb6 31. g4 g6 32. Ng3 Ra6 33. gxf5 Bxf5 34. Nxf5 gxf5 35. d3 exd3 36. Bc4 Ra7 37. Bxd3 Bc3 38. Bb1 d5 39. Rh5 c4 40. bxc4 dxc4 41. Bxf5 Rxf5 42. Rxf5 Rxa2 43. Rd5 Ra1 44. Rd1 b3 45. Ke2 b2 46. Bxb2 Bxb2 47. Rd8+ Kg7 48. e4 Ra7 49. Rc8 c3 50. Kd3 Rd7+ 51. Kc2 Rd4 52. Re8 Kf7 53. Re5 Rd2+ 54. Kb3 Rf2 55. Rf5+ Kg6 56. Rg5+ Kh6 57. Rf5 Ba1 58. Ra5 Rb2+ 59. Kxc3 Ra2+ 60. Kb4 Bc3+ 0-1

[Event "GER-ch Rapid 49th"]
[Site "Dinkelsbuehl"]
[Date "2023.11.11"]
[Round "1"]
[White "Ehmann, Thilo"]
[Black "Maisch, Julian"]
[Result "1-0"]
[WhiteElo "2376"]
[BlackElo "2153"]
[PlyCount "83"]
[EventDate "2023.11.11"]
[EventType "swiss (rapid)"]
[EventRounds "9"]
[EventCountry "GER"]
[SourceTitle "CB46_2023"]
[SourceDate "2023.11.15"]
[SourceVersion "1"]
[SourceVersionDate "2023.11.15"]
[SourceQuality "1"]

1. e4 c5 2. Nf3 e6 3. d4 cxd4 4. Nxd4 Nc6 5. Nc3 Qc7 6. Be3 a6 7. a3 Nf6 8. f4 Nxd4 9. Qxd4 b5 10. Be2 Bb7 11. Bf3 Rc8 12. e5 Ng8 13. 0-0 Bxf3 14. Rxf3 Nh6 15. Qd2 d5 16. Rc1 Bc5 17. Ne2 Nf5 18. Bxc5 Qxc5+ 19. Kh1 h5 20. c3 h4 21. Rh3 Qf2 22. Qe1 Qxe1+ 23. Rxe1 Rc4 24. g4 Ne7 25. Nd4 Nc6 26. b3 Rc5 27. Ne2 Ne7 28. Rf3 g6 29. Nd4 Nc6 30. Ne2 Ne7 31. Kg2 a5 32. b4 axb4 33. axb4 Rc4 34. Nd4 0-0 35. Nxb5 Ra8 36. Re2 Ra1 37. Nd6 Rc6 38. b5 Rc5 39. Rb2 Nc8 40. b6 Nxb6 41. Rxb6 Ra2+ 42. Kh3 1-0

[Event "Wuerttemberg IMT"]
[Site "Lichtenstein"]
[Date "2023.09.10"]
[Round "9"]
[White "Kocharin, Timur"]
[Black "Maisch, Julian"]
[Result "1-0"]
[WhiteElo "2147"]
[BlackElo "2196"]
[PlyCount "111"]
[EventDate "2023.09.02"]
[EventType "tourn"]
[EventRounds "9"]
[EventCountry "GER"]
[EventCategory "6"]
[SourceTitle "EXT 2024"]
[Source "ChessBase"]
[SourceDate "2023.10.10"]
[SourceVersion "1"]
[SourceVersionDate "2023.10.10"]
[SourceQuality "1"]

1. d4 d5 2. c4 e6 3. Nc3 Nf6 4. cxd5 exd5 5. Bg5 c6 6. e3 Be7 7. Bd3 0-0 8. Qc2 Nbd7 9. Nge2 Re8 10. 0-0 Nf8 11. f3 h6 12. Bh4 Be6 13. e4 dxe4 14. fxe4 Ng4 15. Bxe7 Rxe7 16. Qd2 Rd7 17. Bc2 Qg5 18. Qxg5 hxg5 19. Rf3 Nh6 20. b3 Rad8 21. Rd1 Bg4 22. Rfd3 Ng6 23. h3 Bxe2 24. Nxe2 g4 25. b4 gxh3 26. gxh3 Ne7 27. Bb3 a5 28. bxa5 Ra8 29. d5 Rxa5 30. dxc6 Rxd3 31. Rxd3 Nxc6 32. Rd7 Rb5 33. Nc3 Rc5 34. Nd5 Na5 35. Kf2 Nxb3 36. axb3 Rc2+ 37. Kf3 Rh2 38. Kg3 Re2 39. Kf4 Rf2+ 40. Ke5 Rf3 41. Rxb7 Rxh3 42. b4 Ng4+ 43. Kd4 Nf2 44. b5 g5 45. b6 Rb3 46. Rb8+ Kg7 47. b7 g4 48. Kc4 Rxb7 49. Rxb7 Nxe4 50. Kd4 Nd6 51. Rb6 g3 52. Ne3 Nc8 53. Rb3 Ne7 54. Ke4 Kg6 55. Kf4 f5 56. Rb6+ 1-0

[Event "Wuerttemberg Masters"]
[Site "Weissach"]
[Date "2021.08.19"]
[Round "3"]
[White "Yi, Danny"]
[Black "Maisch, Julian"]
[Result "1-0"]
[WhiteElo "2173"]
[BlackElo "2171"]
[PlyCount "103"]
[EventDate "2021.08.18"]
[EventType "tourn"]
[EventRounds "7"]
[EventCountry "GER"]
[EventCategory "2"]
[SourceTitle "CBM 203 Extra"]
[Source "ChessBase"]
[SourceDate "2021.09.30"]
[SourceVersion "1"]
[SourceVersionDate "2021.09.30"]
[SourceQuality "1"]

1. e4 c5 2. Nf3 e6 3. d4 cxd4 4. Nxd4 Nc6 5. Nc3 Qc7 6. f4 a6 7. Nf3 Bc5 8. Bd3 Nge7 9. Qe2 d6 10. Nd1 b5 11. a3 Bb7 12. Nf2 e5 13. fxe5 dxe5 14. 0-0 0-0 15. Kh1 Nd4 16. Nxd4 Bxd4 17. Ng4 Ng6 18. c3 Bc5 19. Bc2 Rad8 20. Bg5 Rd7 21. Rad1 Rxd1 22. Rxd1 Bc8 23. Ne3 Bxe3 24. Bxe3 Be6 25. Qd3 h6 26. Kg1 Rc8 27. Rd2 Ne7 28. Qd6 Qxd6 29. Rxd6 Rc6 30. Rd8+ Kh7 31. Kf2 Nc8 32. Rd5 f6 33. a4 b4 34. Rc5 Rxc5 35. Bxc5 bxc3 36. b4 Bc4 37. Ke3 Kg6 38. Bd3 c2 39. Bxc2 Kf7 40. b5 axb5 41. a5 Ke6 42. a6 b4 43. a7 Nxa7 44. Bxa7 h5 45. Bc5 b3 46. Bd3 Bxd3 47. Kxd3 f5 48. Kc3 g5 49. Kxb3 fxe4 50. Be3 Kf5 51. h3 g4 52. Kc4 1-0

[Event "GER-ch Net Amateur Gr-A Vor3"]
[Site "Playchess.com INT"]
[Date "2020.04.16"]
[Round "9"]
[White "Maisch, Julian"]
[Black "Bashylina, Luisa"]
[Result "1-0"]
[WhiteElo "1961"]
[BlackElo "1620"]
[PlyCount "131"]
[EventDate "2020.04.16"]
[EventType "swiss (blitz)"]
[EventRounds "9"]
[EventCountry "GER"]
[SourceTitle "CBM 195 Extra"]
[Source "ChessBase"]
[SourceDate "2020.05.31"]
[SourceVersion "1"]
[SourceVersionDate "2020.05.31"]
[SourceQuality "1"]

1. e4 c5 2. Nf3 a6 3. g3 e6 4. Bg2 Nc6 5. 0-0 d6 6. d3 g6 7. Nbd2 Bg7 8. Re1 Nge7 9. Nf1 0-0 10. h4 b5 11. c3 Bb7 12. Be3 b4 13. Qd2 Rb8 14. N1h2 bxc3 15. bxc3 Qa5 16. Rac1 d5 17. Bh6 Ne5 18. Bxg7 Nxf3+ 19. Bxf3 Kxg7 20. Ng4 Ng8 21. e5 h5 22. Nf6 Nxf6 23. exf6+ Kxf6 24. Qg5+ Kg7 25. Bxh5 Qc7 26. Bf3 Qd8 27. Qe3 Rc8 28. h5 Qf6 29. h6+ Kh7 30. d4 cxd4 31. cxd4 g5 32. Kg2 Rh8 33. Rb1 Bc6 34. Be2 Kxh6 35. Rh1+ Kg7 36. Bd3 Rb8 37. Rxb8 Rxb8 38. Rh5 g4 39. Qg5+ Qxg5 40. Rxg5+ Kf6 41. Rxg4 Rb2 42. Bxa6 Rxa2 43. Bd3 e5 44. dxe5+ Kxe5 45. Rf4 f6 46. Kh3 Bd7+ 47. Kh4 Rd2 48. Bg6 Rd1 49. Kh5 Rh1+ 50. Rh4 Re1 51. f4+ Kd6 52. Bf7 d4 53. f5 Kc5 54. Kg6 d3 55. Rc4+ Kb5 56. Rd4 Re3 57. Rxd7 Rxg3+ 58. Kxf6 Re3 59. Be6 Kb4 60. Ke7 Kc3 61. f6 d2 62. f7 Rf3 63. f8Q Rxf8 64. Kxf8 Kc2 65. Bg4 Kc1 66. Ke7 1-0

[Event "GER-ch Net Amateur Gr-A Vor3"]
[Site "Playchess.com INT"]
[Date "2020.04.16"]
[Round "2"]
[White "Maisch, Julian"]
[Black "Cofman, Veaceslav"]
[Result "0-1"]
[WhiteElo "1939"]
[BlackElo "2143"]
[PlyCount "78"]
[EventDate "2020.04.16"]
[EventType "swiss (blitz)"]
[EventRounds "9"]
[EventCountry "GER"]
[SourceTitle "CBM 195 Extra"]
[Source "ChessBase"]
[SourceDate "2020.05.31"]
[SourceVersion "1"]
[SourceVersionDate "2020.05.31"]
[SourceQuality "1"]

1. e4 e6 2. Qe2 c5 3. g3 Nc6 4. Nf3 b6 5. Bg2 Bb7 6. 0-0 Be7 7. d3 d6 8. Re1 e5 9. Nbd2 Nf6 10. Nf1 Nd4 11. Nxd4 cxd4 12. f4 Rc8 13. f5 Qc7 14. g4 h6 15. h4 Qxc2 16. Bd2 Ba6 17. Rac1 Qxb2 18. g5 hxg5 19. hxg5 Nd7 20. Qg4 Nc5 21. a4 Nxd3 22. Rxc8+ Bxc8 23. Re2 Qb3 24. a5 Nc5 25. axb6 axb6 26. Re1 Qa2 27. Qe2 Ba6 28. Qg4 Bxf1 29. f6 gxf6 30. gxf6 Bxf6 31. Qc8+ Ke7 32. Qc7+ Nd7 33. Rxf1 Qxd2 34. Rxf6 Kxf6 35. Qxd7 Qe1+ 36. Bf1 Qe3+ 37. Kg2 Rg8+ 38. Kh2 Qg1+ 39. Kh3 Qg3# 0-1

[Event "Karlsruhe Grenke op"]
[Site "Karlsruhe"]
[Date "2019.04.19"]
[Round "3"]
[White "Maisch, Julian"]
[Black "Ashwath, R."]
[Result "0-1"]
[WhiteElo "2181"]
[BlackElo "2388"]
[PlyCount "102"]
[EventDate "2019.04.18"]
[EventType "swiss"]
[EventRounds "9"]
[EventCountry "GER"]
[SourceTitle "CBM 189 Extra"]
[Source "ChessBase"]
[SourceDate "2019.06.03"]
[SourceVersion "1"]
[SourceVersionDate "2019.06.03"]
[SourceQuality "1"]

1. e4 e5 2. Nf3 Nc6 3. Bb5 g6 4. Bxc6 dxc6 5. 0-0 Bg7 6. h3 Ne7 7. d3 c5 8. Be3 b6 9. Nc3 Bb7 10. Nh2 0-0 11. Qd2 f5 12. Bh6 Nc6 13. Bxg7 Kxg7 14. Rae1 f4 15. Kh1 Nd4 16. f3 h5 17. Ne2 Ne6 18. Rg1 Kh7 19. Qc3 Qf6 20. a3 Rad8 21. b4 Rf7 22. Rd1 Rfd7 23. Nc1 g5 24. Nb3 cxb4 25. axb4 Rg7 26. Qa1 g4 27. fxg4 hxg4 28. Rdf1 Rdg8 29. hxg4 Rg6 30. Nd2 Nd4 31. Rf3 Nxf3 32. Ndxf3 Bc8 33. Qxe5 Qxe5 34. Nxe5 Rh6 35. Rf1 Bxg4 36. Rxf4 Bd1 37. Rf2 a5 38. Rd2 Bh5 39. Nc4 axb4 40. Kg1 Rf6 41. Ne3 Ra8 42. g4 Bf7 43. e5 Rf4 44. Kg2 Ra2 45. Nhf1 b3 46. cxb3 Bxb3 47. Kg3 Rd4 48. e6 Bxe6 49. Rd1 Ra3 50. Rc1 c5 51. Rb1 Rb3 0-1

[Event "Stuttgart-chA int"]
[Site "Ditzingen"]
[Date "2018.05.10"]
[Round "1"]
[White "Maisch, Julian"]
[Black "Froehlich, Franziska"]
[Result "1-0"]
[WhiteElo "2184"]
[BlackElo "1807"]
[PlyCount "65"]
[EventDate "2018.05.10"]
[EventType "swiss"]
[EventRounds "7"]
[EventCountry "GER"]
[SourceTitle "EXT 2020"]
[Source "ChessBase"]
[SourceDate "2019.10.17"]
[SourceVersion "1"]
[SourceVersionDate "2019.10.17"]
[SourceQuality "1"]

1. e4 e6 2. d3 d5 3. Qe2 Ne7 4. g3 c5 5. Bg2 Nbc6 6. Nf3 g6 7. 0-0 Bg7 8. e5 0-0 9. h4 Nf5 10. c3 h6 11. Re1 b5 12. Nbd2 Bd7 13. a4 bxa4 14. Nf1 Na5 15. Bf4 Rb8 16. Ne3 Nxe3 17. Qxe3 Kh7 18. Nh2 Rxb2 19. Ng4 Nb3 20. Bxh6 Rh8 21. Bg5 Qf8 22. Rad1 Kg8 23. Bf6 d4 24. cxd4 Nxd4 25. h5 Nf5 26. Qc1 Rb4 27. Be4 Rxh5 28. Bxg7 Kxg7 29. Nf6 Qh8 30. Nxh5+ Qxh5 31. Qxc5 Rb2 32. Rb1 Rd2 33. Rb7 1-0

[Event "Wuerttemberg-ch"]
[Site "Stuttgart"]
[Date "2017.08.26"]
[Round "1"]
[White "Kvetny, Mark"]
[Black "Maisch, Julian"]
[Result "1-0"]
[WhiteElo "2406"]
[BlackElo "2149"]
[PlyCount "81"]
[EventDate "2017.08.26"]
[EventType "swiss"]
[EventRounds "9"]
[EventCountry "GER"]
[SourceTitle "CBM 180 Extra"]
[Source "ChessBase"]
[SourceDate "2017.10.06"]
[SourceVersion "1"]
[SourceVersionDate "2017.10.06"]
[SourceQuality "1"]

1. d4 Nf6 2. c4 e6 3. Nc3 d5 4. cxd5 exd5 5. Bg5 Be7 6. e3 Nbd7 7. Bd3 Nf8 8. Qc2 g6 9. Nge2 Ne6 10. Bh4 c6 11. f3 Nh5 12. Bf2 Nhg7 13. 0-0 0-0 14. e4 Nc7 15. Rad1 Kh8 16. a3 dxe4 17. fxe4 f5 18. d5 cxd5 19. exd5 Bd6 20. Nd4 Nce8 21. Ncb5 f4 22. Ne6 Bxe6 23. dxe6 f3 24. Rfe1 Qg5 25. g3 Be7 26. Nc3 Nf6 27. Ne4 Qh5 28. Nxf6 Rxf6 29. Qc7 Re8 30. Re5 Nf5 31. Bf1 Qg4 32. Rd7 Rff8 33. Rxf5 Qxf5 34. Rxe7 Rxe7 35. Qxe7 Kg8 36. Qxb7 Qxe6 37. b3 Rd8 38. Qxf3 Qf5 39. Bc4+ Kf8 40. Bc5+ Ke8 41. Qc6+ 1-0

[Event "Wuerttemberg-ch"]
[Site "Stuttgart"]
[Date "2016.09.03"]
[Round "8"]
[White "Maisch, Julian"]
[Black "Behrendt, Clemens"]
[Result "1/2-1/2"]
[WhiteElo "2116"]
[BlackElo "2129"]
[PlyCount "123"]
[EventDate "2016.08.27"]
[EventType "swiss"]
[EventRounds "9"]
[EventCountry "GER"]
[SourceTitle "CBM 174 Extra"]
[Source "ChessBase"]
[SourceDate "2016.10.10"]
[SourceVersion "1"]
[SourceVersionDate "2016.10.10"]
[SourceQuality "1"]

1. e4 d5 2. exd5 Nf6 3. Nc3 Nxd5 4. Bc4 Nxc3 5. bxc3 e6 6. d4 c6 7. Bd3 Nd7 8. Bd2 Ba3 9. Nh3 Nf6 10. Nf4 Qa5 11. Rb1 Bd6 12. 0-0 0-0 13. c4 Qc7 14. g3 e5 15. c5 Be7 16. dxe5 Qxe5 17. Re1 Qc7 18. Bc3 Ng4 19. h3 Bf6 20. Bd2 Ne5 21. Nh5 Qd8 22. Nxf6+ Qxf6 23. Rxe5 Qxe5 24. Qf3 Qd5 25. Qxd5 cxd5 26. Kg2 f5 27. Bf4 Re8 28. Bd6 g6 29. a4 Kf7 30. a5 Re6 31. Bb5 a6 32. Ba4 Re4 33. Bb3 Be6 34. Ba2 Ra4 35. Rxb7+ Kf6 36. Bb3 Rxa5 37. f4 Bg8 38. Be5+ Ke6 39. c6 Rc8 40. Rb6 Ke7 41. Bc3 Rb5 42. Rxa6 d4 43. Ba4 Bd5+ 44. Kf2 dxc3 45. Bxb5 Be4 46. Ra3 Bxc2 47. Rxc3 Be4 48. c7 Kd6 49. Ke3 Rxc7 50. Rxc7 Kxc7 51. h4 Bd5 52. Kd4 Kd6 53. Be8 Bf3 54. Bf7 Ke7 55. Bg8 Kf6 56. Bb3 h6 57. Bc2 Bg4 58. Kd5 Bf3+ 59. Kd6 Bg4 60. Kd7 g5 61. hxg5+ hxg5 62. fxg5+ 1/2-1/2

[Event "Wuerttemberg-ch"]
[Site "Stuttgart"]
[Date "2016.09.02"]
[Round "7"]
[White "Kunert, Guenter"]
[Black "Maisch, Julian"]
[Result "1/2-1/2"]
[WhiteElo "2032"]
[BlackElo "2116"]
[PlyCount "83"]
[EventDate "2016.08.27"]
[EventType "swiss"]
[EventRounds "9"]
[EventCountry "GER"]
[SourceTitle "CBM 174 Extra"]
[Source "ChessBase"]
[SourceDate "2016.10.10"]
[SourceVersion "1"]
[SourceVersionDate "2016.10.10"]
[SourceQuality "1"]

1. e4 c5 2. Nf3 e6 3. d4 cxd4 4. Nxd4 Nc6 5. Nc3 Qc7 6. Be3 a6 7. Be2 Nf6 8. a3 b5 9. 0-0 Bb7 10. f4 Nxd4 11. Qxd4 Rc8 12. Bf3 Qc4 13. e5 Bxf3 14. Rxf3 Ng4 15. Rd1 Qc6 16. Ne4 Qb7 17. Rd2 Rc4 18. Nd6+ Bxd6 19. Qxd6 Nxe3 20. Rxe3 Rxf4 21. Red3 Qa7+ 22. Rd4 Rxd4 23. Rxd4 f6 24. exf6 gxf6 25. Kf1 Rg8 26. c4 Qb7 27. g4 Rg5 28. c5 Qf3+ 29. Ke1 Re5+ 30. Kd2 Qf2+ 31. Kc3 Qf3+ 32. Rd3 Qb7 33. h4 a5 34. b4 axb4+ 35. Kxb4 h5 36. g5 Re4+ 37. Rd4 fxg5 38. hxg5 Rxd4+ 39. Qxd4 Qa6 40. Qh8+ Ke7 41. Qf6+ Ke8 42. Qh8+ 1/2-1/2

[Event "Wuerttemberg-ch"]
[Site "Stuttgart"]
[Date "2016.08.28"]
[Round "2"]
[White "Maisch, Julian"]
[Black "Latzke, Boris Alexander"]
[Result "0-1"]
[WhiteElo "2116"]
[BlackElo "2181"]
[PlyCount "78"]
[EventDate "2016.08.27"]
[EventType "swiss"]
[EventRounds "9"]
[EventCountry "GER"]
[SourceTitle "CBM 174 Extra"]
[Source "ChessBase"]
[SourceDate "2016.10.10"]
[SourceVersion "1"]
[SourceVersionDate "2016.10.10"]
[SourceQuality "1"]

1. e4 e5 2. Nf3 Nc6 3. Bb5 Nf6 4. d3 Bc5 5. 0-0 d6 6. Re1 Bd7 7. c3 Bb6 8. Nbd2 a6 9. Ba4 0-0 10. Nf1 Ne7 11. Bxd7 Nxd7 12. Ng3 f6 13. h4 Qe8 14. Be3 Qf7 15. Bxb6 Nxb6 16. Qb3 Rfe8 17. Qc2 Nd7 18. d4 Nf8 19. a4 Ne6 20. dxe5 fxe5 21. Nf5 Rf8 22. Nxe7+ Qxe7 23. Qb3 Kh8 24. Re3 Nc5 25. Qc2 Rf4 26. g3 Rf6 27. Rf1 Raf8 28. Ne1 Qd7 29. a5 Qf7 30. Ng2 Nb3 31. f4 exf4 32. Rxf4 Rxf4 33. Nxf4 Qc4 34. Rf3 Re8 35. Nh3 Nd4 36. Qf2 Nxf3+ 37. Qxf3 Qxe4 38. Qf7 Qe6 39. Qf1 Qe1 0-1

[Event "Wuerttemberg-ch"]
[Site "Stuttgart"]
[Date "2016.08.27"]
[Round "1"]
[White "Namyslo, Holger"]
[Black "Maisch, Julian"]
[Result "0-1"]
[WhiteElo "2267"]
[BlackElo "2116"]
[PlyCount "70"]
[EventDate "2016.08.27"]
[EventType "swiss"]
[EventRounds "9"]
[EventCountry "GER"]
[SourceTitle "CBM 174 Extra"]
[Source "ChessBase"]
[SourceDate "2016.10.10"]
[SourceVersion "1"]
[SourceVersionDate "2016.10.10"]
[SourceQuality "1"]

1. e4 c5 2. Nf3 e6 3. d4 cxd4 4. Nxd4 Nc6 5. Nc3 Qc7 6. Ndb5 Qb8 7. Be3 a6 8. Bb6 axb5 9. Nxb5 Bb4+ 10. c3 Ba5 11. Nc7+ Qxc7 12. Bxc7 Bxc7 13. Qg4 g6 14. f4 Nge7 15. Bd3 e5 16. fxe5 Nxe5 17. Qe2 0-0 18. 0-0 d6 19. Bb5 Be6 20. a4 Rad8 21. c4 Bb6+ 22. Kh1 N7c6 23. Rad1 Bg4 24. Qc2 Bxd1 25. Qxd1 Nb4 26. h3 Bc5 27. b3 Rc8 28. Qd2 Kg7 29. Rf4 Nbd3 30. Rf1 Rc7 31. g4 f6 32. Kg2 Rcf7 33. Kg3 h6 34. Kh2 Rh8 35. Rb1 Nf3+ 0-1

[Event "Stuttgart-chA int"]
[Site "Ditzingen"]
[Date "2016.05.08"]
[Round "7"]
[White "Maisch, Julian"]
[Black "Gabriel, Robert A"]
[Result "0-1"]
[WhiteElo "2108"]
[BlackElo "2176"]
[PlyCount "40"]
[EventDate "2016.05.05"]
[EventType "swiss"]
[EventRounds "7"]
[EventCountry "GER"]
[SourceTitle "EXT 2018"]
[Source "ChessBase"]
[SourceDate "2017.10.13"]
[SourceVersion "1"]
[SourceVersionDate "2017.10.13"]
[SourceQuality "1"]

1. e4 c5 2. Nf3 e6 3. Nc3 Nc6 4. Bb5 Nge7 5. 0-0 a6 6. Be2 d5 7. exd5 Nxd5 8. a4 Be7 9. h3 Nf4 10. Bc4 0-0 11. Ne4 Qc7 12. d3 b6 13. Re1 Bb7 14. Neg5 Nd4 15. Nxd4 Bxg5 16. Ne2 Nxh3+ 17. gxh3 Qc6 18. f3 Qxf3 19. Nf4 Qg3+ 20. Kf1 Bxf4 0-1

[Event "Stuttgart-chA int"]
[Site "Ditzingen"]
[Date "2016.05.06"]
[Round "3"]
[White "Maisch, Julian"]
[Black "Gheng, Dominik"]
[Result "1-0"]
[WhiteElo "2108"]
[BlackElo "1840"]
[PlyCount "59"]
[EventDate "2016.05.05"]
[EventType "swiss"]
[EventRounds "7"]
[EventCountry "GER"]
[SourceTitle "EXT 2018"]
[Source "ChessBase"]
[SourceDate "2017.10.13"]
[SourceVersion "1"]
[SourceVersionDate "2017.10.13"]
[SourceQuality "1"]

1. e4 e5 2. Nf3 Nc6 3. Bb5 Nf6 4. d3 d6 5. 0-0 a6 6. Ba4 Be7 7. c3 0-0 8. Nbd2 b5 9. Bc2 Re8 10. Re1 Nb8 11. a4 Bb7 12. Nf1 Bf8 13. Ng3 g6 14. h3 Nbd7 15. Be3 h6 16. Qd2 Kh7 17. Nh2 d5 18. f3 c5 19. Qf2 Bd6 20. Rf1 Qc7 21. Ng4 d4 22. Bd2 Ng8 23. f4 Re7 24. f5 c4 25. Ne2 cxd3 26. Bxh6 dxe2 27. fxg6+ fxg6 28. Qf7+ Kh8 29. Bg7+ Kh7 30. Bxe5+ 1-0

[Event "Stuttgart-chA int"]
[Site "Ditzingen"]
[Date "2016.05.05"]
[Round "2"]
[White "Flick, Antoine"]
[Black "Maisch, Julian"]
[Result "1-0"]
[WhiteElo "2319"]
[BlackElo "2108"]
[PlyCount "63"]
[EventDate "2016.05.05"]
[EventType "swiss"]
[EventRounds "7"]
[EventCountry "GER"]
[SourceTitle "EXT 2018"]
[Source "ChessBase"]
[SourceDate "2017.10.13"]
[SourceVersion "1"]
[SourceVersionDate "2017.10.13"]
[SourceQuality "1"]

1. d4 Nf6 2. Nf3 d5 3. c4 e6 4. Nc3 Be7 5. cxd5 exd5 6. Bf4 c6 7. Qc2 Na6 8. a3 Nc7 9. e3 Ne6 10. Bg3 0-0 11. Bd3 g6 12. 0-0 Ng7 13. b4 a6 14. Rab1 Bf5 15. Ne5 Nd7 16. e4 dxe4 17. Nxe4 Ne6 18. Qc3 Bxe4 19. Bxe4 Nb6 20. Rfd1 Nd5 21. Qe1 Nec7 22. Nc4 Nb5 23. Na5 Qd7 24. Rd3 Nb6 25. a4 Nxa4 26. d5 c5 27. d6 Bd8 28. Nxb7 c4 29. Rdd1 Rc8 30. Bc2 Re8 31. Qxe8+ Qxe8 32. d7 1-0

[Event "Stuttgart-chA int"]
[Site "Ditzingen"]
[Date "2016.05.05"]
[Round "1"]
[White "Maisch, Julian"]
[Black "Ruff, Robert"]
[Result "1-0"]
[WhiteElo "2108"]
[BlackElo "1871"]
[PlyCount "103"]
[EventDate "2016.05.05"]
[EventType "swiss"]
[EventRounds "7"]
[EventCountry "GER"]
[SourceTitle "EXT 2018"]
[Source "ChessBase"]
[SourceDate "2017.10.13"]
[SourceVersion "1"]
[SourceVersionDate "2017.10.13"]
[SourceQuality "1"]

1. e4 e6 2. d4 d5 3. Nc3 Bb4 4. e5 c5 5. a3 Bxc3+ 6. bxc3 Ne7 7. Nf3 Nbc6 8. Be2 Qa5 9. Bd2 c4 10. 0-0 f6 11. exf6 gxf6 12. Nh4 Ng6 13. Bh5 Nce7 14. f4 Bd7 15. f5 exf5 16. g3 0-0-0 17. Ng2 Rhg8 18. Qb1 Nc6 19. Rf2 Rde8 20. Qb2 Nd8 21. Qb4 Qc7 22. Raf1 Ne6 23. Ne3 Ngf4 24. Rxf4 Nxf4 25. Bxe8 Bxe8 26. Nxf5 Ne2+ 27. Kf2 Kd7 28. Qe7+ Kc8 29. Qxc7+ Kxc7 30. Kxe2 Bg6 31. Ne3 Re8 32. Kd1 Be4 33. Rxf6 Re7 34. Ng4 b6 35. Ne5 Kb7 36. Rf7 Rxf7 37. Nxf7 Ka6 38. Bh6 Ka5 39. Bf8 Ka4 40. Nd6 Bg6 41. g4 a5 42. Nf5 h5 43. h3 hxg4 44. hxg4 b5 45. Kd2 Bh7 46. Ke3 b4 47. axb4 axb4 48. Bxb4 Kb5 49. Kf4 Kb6 50. Ke5 Kc6 51. Kf6 Kd7 52. Kg7 1-0

[Event "Wuerttemberg-ch KT"]
[Site "Stuttgart"]
[Date "2015.08.29"]
[Round "1"]
[White "Wendler, David"]
[Black "Maisch, Julian"]
[Result "0-1"]
[WhiteElo "1857"]
[BlackElo "2042"]
[PlyCount "152"]
[EventDate "2015.08.29"]
[EventType "swiss"]
[EventRounds "9"]
[EventCountry "GER"]
[SourceTitle "EXT 2017"]
[Source "ChessBase"]
[SourceDate "2016.10.25"]
[SourceVersion "1"]
[SourceVersionDate "2016.10.25"]
[SourceQuality "1"]

1. e4 c5 2. d4 cxd4 3. c3 d3 4. Bxd3 Nc6 5. c4 Nf6 6. Nc3 e6 7. Nf3 d6 8. 0-0 Be7 9. Bf4 a6 10. Qe2 e5 11. Bg5 Bg4 12. Bxf6 Bxf6 13. Qe3 Nd4 14. Nd5 Bxf3 15. gxf3 Ne6 16. Bc2 Bg5 17. Qb6 Qd7 18. Qb4 0-0 19. Nb6 Qe7 20. Nxa8 Nd4 21. Kh1 Bf4 22. Rg1 Nxc2 23. Qa4 Nxa1 24. Nb6 Qh4 25. Rg2 Qh3 26. Qd1 Nc2 27. Qxc2 Qxf3 28. Nd5 h5 29. Qb3 Qxb3 30. axb3 g6 31. f3 Bh6 32. Kg1 Rb8 33. Nf6+ Kh8 34. Kf1 b5 35. Nd5 bxc4 36. bxc4 Rb3 37. Rf2 Bc1 38. Nc7 Bxb2 39. Nxa6 Bd4 40. Re2 Rxf3+ 41. Kg2 Rb3 42. Nc7 Rb2 43. Rxb2 Bxb2 44. Nb5 Kg8 45. Nxd6 Kf8 46. Kf3 Ke7 47. Nb7 Ba3 48. Na5 Kd7 49. Nb3 Bb4 50. Ke3 f5 51. exf5 gxf5 52. Nc1 Bc5+ 53. Kf3 Ke6 54. Ne2 h4 55. Nc3 Bf8 56. Ke3 Bh6+ 57. Kd3 h3 58. Ne2 e4+ 59. Kd4 Bg7+ 60. Ke3 Ke5 61. Ng1 f4+ 62. Ke2 Bf8 63. Nxh3 f3+ 64. Kf1 Kf5 65. Ke1 e3 66. Ng1 f2+ 67. Kf1 fxg1Q+ 68. Kxg1 Kg4 69. Kg2 Bc5 70. Kf1 Kf3 71. Ke1 Bb4+ 72. Kd1 e2+ 73. Kc2 e1Q 74. h4 Qc3+ 75. Kb1 Ba3 76. Ka2 Qb2# 0-1

[Event "Karl Mala Memorial op-A 17th"]
[Site "Frankfurt"]
[Date "2014.08.02"]
[Round "5"]
[White "Maisch, Julian"]
[Black "Karsay, Pascal"]
[Result "1/2-1/2"]
[WhiteElo "1996"]
[BlackElo "1766"]
[PlyCount "48"]
[EventDate "2014.07.31"]
[EventType "swiss"]
[EventRounds "7"]
[EventCountry "GER"]
[SourceTitle "EXT 2015"]
[Source "ChessBase"]
[SourceDate "2014.11.20"]
[SourceVersion "1"]
[SourceVersionDate "2014.11.20"]
[SourceQuality "1"]

1. e4 c5 2. Nf3 Nc6 3. d4 cxd4 4. Nxd4 g6 5. Be3 Bg7 6. c3 d6 7. Bc4 Nf6 8. f3 0-0 9. Qd2 d5 10. exd5 Nxd5 11. Nxc6 bxc6 12. Bf2 Qc7 13. Bxd5 cxd5 14. Qxd5 Be6 15. Qd2 Rfd8 16. Qc1 Bc4 17. Be3 Rd7 18. Nd2 Bd3 19. Kf2 f5 20. Nb3 Rd5 21. g3 e5 22. Rd1 Rad8 23. Kg1 a5 24. Kf2 a4 1/2-1/2

[Event "Karl Mala Memorial op-A 17th"]
[Site "Frankfurt"]
[Date "2014.08.01"]
[Round "2"]
[White "Maisch, Julian"]
[Black "Uwira, Oliver"]
[Result "0-1"]
[WhiteElo "1996"]
[BlackElo "2233"]
[PlyCount "102"]
[EventDate "2014.07.31"]
[EventType "swiss"]
[EventRounds "7"]
[EventCountry "GER"]
[SourceTitle "EXT 2015"]
[Source "ChessBase"]
[SourceDate "2014.11.20"]
[SourceVersion "1"]
[SourceVersionDate "2014.11.20"]
[SourceQuality "1"]

1. e4 c5 2. Nf3 Nc6 3. d4 cxd4 4. Nxd4 Nf6 5. Nc3 e5 6. Ndb5 d6 7. Bg5 a6 8. Na3 b5 9. Nd5 Be7 10. Bxf6 Bxf6 11. c3 Bg5 12. Nc2 Rb8 13. g3 0-0 14. Bg2 a5 15. h4 Bh6 16. 0-0 Be6 17. Nce3 Qd7 18. Kh2 Kh8 19. Qd3 g6 20. Nf6 Qd8 21. Ned5 Bg7 22. Qf3 b4 23. Rh1 bxc3 24. bxc3 Ne7 25. Rhd1 Nxd5 26. Nxd5 f5 27. Qe2 Qd7 28. exf5 gxf5 29. Qa6 f4 30. Nb6 Qc7 31. Na8 Qc5 32. Qxd6 Qxf2 33. Qxe6 f3 34. Rg1 Rxa8 35. Raf1 Qe2 36. Re1 Qa6 37. Rxe5 fxg2 38. Qxa6 Rxa6 39. Rc5 Raa8 40. Kxg2 Rfc8 41. Rxc8+ Rxc8 42. Rd1 Bxc3 43. Rd5 a4 44. a3 Bb2 45. Ra5 Rc4 46. Ra8+ Kg7 47. Ra7+ Kg6 48. Ra6+ Kf5 49. Ra5+ Be5 50. Ra7 h5 51. Ra6 Rg4 0-1